000 00481nam a2200157 i 4500
001 93919
003 ES-MaACL
005 20230906181338.0
007 t|
008 050422s1969 sp ||||1| spa d
100 1 _aLópez Piñero, José María.
_973895
245 1 0 _aMedicina, historia, sociedad
_b: antología de clásicos médicos /
_cJosé María López Piñero.
260 _aBarcelona :
_bAriel,
_c1969.
300 _a343 p. ;
_c18 cm.
852 _aES-MaACL
_jC-35867
_bR.68787
999 _c93919
_d93919